Klik om te vertalen - Afrikaans - Statistieken

Algemene statistieken
  • Deze quiz is 62 keer genomen
  • De gemiddelde score is 17 van 20
Antwoordstatistieken
Hint Antwoord % Correct
Wijn Wyn
96%
Oma Ouma
93%
Zaterdag Saterdag
93%
Keuken Kombuis
91%
Perzik Perske
91%
Schoen Skoen
91%
Paard Perd
89%
Zes Ses
89%
Zie Sien
89%
Framboos Aarbei
87%
Paars Pers
87%
Voetbal Sokker
87%
Leraar Onderwyser
84%
Morgen Môre
80%
Naar beneden Af
76%
Auto Motor
76%
Waarom Hoekom
73%
Weg Pad
71%
Computer Rekenaar
71%
Jongen Seun
71%
Geen overeenkomende quizzen gevonden
Scoreverdeling
Procent van Mensen met Elke Score
Percentiel versus Aantal Correcte Antwoorden
Uw Scoregeschiedenis
U heeft deze quiz nog niet genomen